000 01368nam a2200325Ia 4500
001 ebr10166983
003 CaPaEBR
006 m u
007 cr cn|||||||||
008 070410s2007 ne a sb 001 0 eng d
020 _z9780123694669
020 _z0123694663
040 _aCaPaEBR
_cCaPaEBR
035 _a(OCoLC)213298550
050 1 4 _aHG1616.C34
_bS258 2007eb
100 1 _aSaita, Francesco.
245 1 0 _aValue at risk and bank capital management
_h[electronic resource] /
_cFrancesco Saita.
246 3 _iSubtitle on cover:
_aRisk adjusted performances, capital management and capital allocation decision making
260 _aAmsterdam ;
_aBoston :
_bElsevier Academic Press,
_cc2007.
300 _axvi, 259 p. :
_bill.
490 1 _aAcademic Press advanced finance series
504 _aIncludes bibliographical references and index.
533 _aElectronic reproduction.
_bPalo Alto, Calif. :
_cebrary,
_d2009.
_nAvailable via World Wide Web.
_nAccess may be limited to ebrary affiliated libraries.
650 0 _aBank capital.
650 0 _aBanks and banking
_xRisk management.
655 7 _aElectronic books.
_2local
710 2 _aebrary, Inc.
830 0 _aAcademic Press advanced finance series.
856 4 0 _uhttp://site.ebrary.com/lib/rucke/Doc?id=10166983
_zAn electronic book accessible through the World Wide Web; click to view
999 _c247743
_d247743